Statistics for Carry On Films by Picture Clue

Click here to take the quiz!

General Stats

  • This quiz has been taken 186 times
  • The average score is 13 of 15

Answer Stats

Answer% Correct
Cowboy
98%
Doctor
98%
Camping
94%
Cleo
94%
Teacher
93%
England
92%
Nurse
92%
Henry
90%
Screaming
90%
Spying
86%
Sergeant
85%
Constable
83%
Up The Jungle
81%
Follow That Camel
78%
Up The Khyber
61%

Score Distribution

Percentile by Number Answered

Percent of People with Each Score

Your Score History

You have not taken this quiz